书目信息 |
| 题名: |
建筑类专业英语:建筑管理与财会(第三册)
|
|
| 作者: | 蔡慧俭 , 陆铁镛 主编 | |
| 分册: | ||
| 出版信息: | 北京 中国建筑工业出版社 1997.06 |
|
| 页数: | 200页 | |
| 开本: | 16开 | |
| 丛书名: | ||
| 单 册: | ||
| 中图分类: | H319.4:TU | |
| 科图分类: | ||
| 主题词: | 英语 | |
| 电子资源: | ||
| ISBN: | 7-112-03040-4 | |
| 000 | 00678nam0 2200205 45 | |
| 001 | 0005090924 | |
| 005 | 20010315094616.5 | |
| 010 | @a7-112-03040-4@d10.80元 | |
| 100 | @a20000509d1997 km y0chiy0120 ea | |
| 101 | 0 | @achi |
| 105 | @a z 000yy | |
| 200 | 1 | @a建筑类专业英语:建筑管理与财会(第三册)@AJian ZhuLei Zhuan Ye Ying Yu:Jian Zhu Guan Li Yu Cai Kuai(Di San Ce)@f蔡慧俭,陆铁镛主编@FCai Hui Jian,Lu TieYong Zhu Bian |
| 210 | @a北京@c中国建筑工业出版社@d1997.06 | |
| 215 | @a200页@d16开 | |
| 606 | 0 | @a英语 |
| 690 | @aH319.4:TU@v3 | |
| 701 | 0 | @a蔡慧俭@4主编 |
| 701 | 0 | @a陆铁镛@4主编 |
| 801 | @aCN@bPftUser@c20000509 | |
| 905 | @dH319.4:TU@eC346:3@b329062-064@f3 | |
| 建筑类专业英语:建筑管理与财会(第三册)/蔡慧俭,陆铁镛主编.-北京:中国建筑工业出版社,1997.06 |
| 200页;16开 |
| ISBN 7-112-03040-4:10.80元 |
| ● |
| 相关链接 |
|
|
|
正题名:建筑类专业英语:建筑管理与财会(第三册)
索取号:H319.4:TU/C346:3
 
预约/预借
| 序号 | 登录号 | 条形码 | 馆藏地/架位号 | 状态 | 备注 |
| 1 | 329062 | 203290624 | 语言库209/400B社科库 8排4列2层/ [索取号:H319.4:TU/C346:3] | 在馆 | |
| 2 | 329064 | 203290642 | 语言库209/400B社科库 8排4列1层/ [索取号:H319.4:TU/C346:3] | 在馆 |